| 000 | 00542cam a2200217ua 4500 | ||
|---|---|---|---|
| 020 | _c23.00 | ||
| 041 |
_amal _h |
||
| 082 |
_a628.01 _bRAM/SU |
||
| 100 | _aRamakrishnan, K . | ||
| 245 |
_aSudhajala vitharanam / _cK Ramakrishnan. _hTextual Documents |
||
| 250 |
_a1 / _b. |
||
| 260 |
_aThiruvananthapuram : _bState Instititute of Languages , _c1975. |
||
| 300 | _a455 ; . | ||
| 365 | _a23.00 | ||
| 504 | _a | ||
| 942 | _cBK | ||
| 999 |
_c10925 _d10925 |
||